Start the Movie Title Quiz Stats

 Plays Quiz Updated Nov 8, 2016

Challenge
Share
Tweet
Embed
Score 0/40 Timer 06:00
1 Play Today
Year (# missing) Start of Title % Correct
2002 - 3My Big Fat...
91.4%
1997 - 5I Know What You Did...
77.5%
2010 - 3How to Train...
77.1%
2009 - 4Cloudy with a Chance...
75.2%
2004 - 3The Passion of...
74.6%
2007 - 3No Country for...
69.5%
1930 - 3All Quiet on...
68.3%
2009 - 4The Men Who Stare...
67%
1967 - 2You Only...
64.2%
2004 - 5Harold and Kumar Go to...
61.6%
1998 - 4Lock, Stock and Two...
60.5%
1958 - 4Cat on a Hot...
59.7%
1995 - 2Ace Ventura...
58.7%
1984 - 5Indiana Jones and the Temple...
58.1%
2011 - 4Pirates of the Caribbean...
49.1%
2005 - 3The Exorcism of...
48.6%
2008 - 3Nick and Norah's...
48.2%
1955 - 2Rebel Without...
45.3%
2005 - 4The Hitchhiker's Guide to...
43.3%
1944 - 2Arsenic and...
43.1%
Year (# missing) Start of Title % Correct
1982 - 3The World According...
41.8%
1963 - 5It's a Mad, Mad, Mad...
41.4%
1993 - 3Sister Act 2...
40.7%
2002 - 3Catch Me If...
37.7%
2004 - 2Bridget Jones...
36.1%
2007 - 2National Treasure...
33.5%
1942 - 3The Pride of...
33.1%
1996 - 3Beavis and Butt-Head...
31.6%
1962 - 4What Ever Happened to...
28.5%
1969 - 3They Shoot Horses...
26.5%
1998 - 2What Dreams...
26%
2002 - 3Confessions of a...
24.1%
1978 - 3Every Which Way...
23.1%
1947 - 3The Ghost and...
21.1%
1999 - 410 Things I Hate...
20.9%
1981 - 3The Gods Must...
17.5%
1956 - 4The Man Who Knew...
14.9%
1988 - 3The Unbearable Lightness...
14.4%
2010 - 4Legend of the Guardians...
11.7%
1972 - 8Everything You Always Wanted to Know About Sex*...
9.1%

You're not logged in!

Compare scores with friends on all Sporcle quizzes.
Join for Free
OR
Log In

You Might Also Like...

Show Comments

Extras

Top Quizzes Today


Score Distribution

Your Account Isn't Verified!

In order to create a playlist on Sporcle, you need to verify the email address you used during registration. Go to your Sporcle Settings to finish the process.

Report this User

Report this user for behavior that violates our Community Guidelines.

Details: